000 01660 a2200205 4500
001 25509
005 20260407155539.0
008 260407a1968 arg spa d
003 AR-UNSa-BCEJYS
040 _aAR-UNSa-BCEJYS
_bspa
_cAR-UNSa-BCEJYS
080 _a657.05
_xContabilidad de gestión (Contabilidad gerencial, control de gestión...)
245 1 0 _aIntroducción a la Contabilidad Gerencial
_puna selección polémica
264 1 _aBuenos Aires :
_bPROINVERT
_c1968
300 _a241 p.
_c23 cm.
505 _a1. Observaciones sobre la evolución de la Contabilidad y sus tendencias modernas - 2. La contabilidad gerencial como actitud profesional - 3. Consideraciones sobre la práctica de la contabilidad gerencial - 5. Consideraciones sobre la ubicación de la contabilidad gerencial dentro de la disciplina contable - 6. Algunos problemas de planeamiento y control que afectan a la implementación de técnicas de contabilidad gerencial en paises en desarrollo - 7. Observaciones sobre la gestión financiera en paises en desarrollo y su influencia sobre las técnicas de contabilidad gerencial - 8. Observaciones sobre la aplicación de técnicas de contabilidad gerencial en el medio empresario rioplatense - 9. Algunas consideraciones y referencias bibliográficas sobre el concepto de Contabilidad gerencial - 10. Contabilidad, contabilidad patrimonila y contabilidad gerencial : Ensayo de un modelo.
942 _cBK
590 _aniveau_biblio:m niveau_hierar:0
100 1 _aHerrscher, Enrique G.
856 4 1 _uhttps://biblioeco.unsa.edu.ar/pmb/images/libros/Contabilidad Gerencial (una seleccion polemica).jpg
_yImagen de portada
_qimage/jpeg
999 _c1391
_d1391